000 01230nam a22003737a 4500
001 000023967
003 CHAP
005 20220329134614.0
008 971013s1953 r 00010 d
010 _a22921
011 _a23893
035 _a27990
040 _cCHAP
082 _a631.4
_bB81
100 0 0 _aBradshav, George B.
_914965
245 0 _aLeaching studies in connection with drainage of saline soils in the Imperial Valley, Clifornia.
260 _aLos Angeles, Calif. :
_bU.S. Department of Agriculture Soil Conservation Service,
_c1953.
300 _a80 p. :
_b: ilus.
501 _aEnc. con otro impresos similares
590 _aBATCH-UPD
_b10
_c20130110
_lUCH01
_h1422
590 _aBATCH-UPD
_b10
_c20130410
_lUCH01
_h0903
590 _aBATCH-UPD
_b10
_c20130914
_lUCH01
_h1221
590 _aCONVERSION
_b10
_c20130109
_lUCH01
_h1313
590 _aE5765TAJ
_b05
_c20150605
_lUCH01
_h0924
650 1 4 _aDrenaje.
_934190
650 1 4 _aSuelos salinos.
_9110558
650 1 4 _aSuelos
_xE.U.A.
_9110342
650 1 4 _aSuelos
_xLixiviación.
_9110420
700 0 _aDonnan, William W.
_933963
901 _aBK
942 _cLIBRO
942 _n0
949 _a631.4 B7
_bBC
_cLIBRO
_d33724000060372
_eLIBRO
_h42905
_i27990
_si
999 _c22921
_d22921